| 000 | 00623cam a2200217 4500 | ||
|---|---|---|---|
| 001 | B2133 | ||
| 008 | 090401t1988 xxu||||| |||| 00| 0 eng d | ||
| 035 | _a(Sirsi) u48186 | ||
| 041 | _aeng | ||
| 050 | _a692.50285 | ||
| 110 |
_aSociety of Chartered Surveyors in the Republic of Ireland _91971 |
||
| 245 | _aDirectory of computer applications for use by quantity surveyors | ||
| 260 |
_aDublin _bSociety of Chartered Surveyors in Republ _c1988 |
||
| 300 | _a32,4p. ; 30cm. | ||
| 350 | _a9.5 | ||
| 650 | _aCOMPUTERS | ||
| 650 |
_aQuantity surveying _96263 |
||
| 650 | _aSOFTWARE | ||
| 942 | _n0 | ||
| 948 | _c04/03/1997 | ||
| 999 |
_c92294 _d92294 |
||